Central Library OPAC University of Rajshahi

Financial management in agriculture / (Record no. 17210)

MARC details
000 -LEADER
fixed length control field 00967cam a2200289 i 4500
001 - CONTROL NUMBER
control field 17210
003 - CONTROL NUMBER IDENTIFIER
rucl marc code BD-RjUL
005 - DATE AND TIME OF LATEST TRANSACTION
control field 20211209000115.0
008 - FIXED-LENGTH DATA ELEMENTS--GENERAL INFORMATION
fixed length control field 140216s1979 ilua b 001 0 eng
035 ## - SYSTEM CONTROL NUMBER
System control number (BD-RjUL)17267
040 ## - CATALOGING SOURCE
Original cataloging agency DLC
Transcribing agency DLC
Modifying agency DLC
Language of cataloging eng
041 ## - LANGUAGE CODE
Language code of text/sound track or separate title eng
082 00 - DEWEY DECIMAL CLASSIFICATION NUMBER
Classification number 630.681
Edition number 19
Author mark and year BAF 1979
100 1# - MAIN ENTRY--PERSONAL NAME
Personal name Barry, Peter J.
9 (RLIN) 53069
245 10 - TITLE STATEMENT
Title Financial management in agriculture /
Statement of responsibility, etc. Peter J. Barry, John A. Hopkin, C. B. Baker.
250 ## - EDITION STATEMENT
Edition statement 2d ed.
260 ## - PUBLICATION, DISTRIBUTION, ETC. (IMPRINT)
Place of publication, distribution, etc. Danville, Ill. :
Name of publisher, distributor, etc. Interstate Printers & Publishers,
Date of publication, distribution, etc. c1979.
300 ## - PHYSICAL DESCRIPTION
Pagination 529 p. :
Illustrations ill. ;
Size 24 cm.
500 ## - GENERAL NOTE
General note In the earlier ed. John A. Hopkin's name appeared first on the t.p.
504 ## - BIBLIOGRAPHY, ETC. NOTE
Bibliography, etc Includes bibliographies and indexes.
650 #0 - SUBJECT ADDED ENTRY--TOPICAL TERM
Topical term or geographic name as entry element Agricultural credit.
9 (RLIN) 53070
700 1# - ADDED ENTRY--PERSONAL NAME
Personal name Hopkin, John A.,
Relator term joint author.
Personal name Baker, C. B.
Fuller form of name (Chester Bird),
Relator term joint author.
942 ## - ADDED ENTRY ELEMENTS (KOHA)
Source of classification or shelving scheme Dewey Decimal Classification
Koha item type Books
Holdings
Lost status Source of classification or shelving scheme Damaged status Not for loan Collection code Permanent Location Current Location Shelving location Date acquired Source of acquisition Cost, normal purchase price Total Checkouts Full call number Date last seen Copy number Koha item type
  Dewey Decimal Classification   Not For Loan Non-fiction Central Library, University of Rajshahi Central Library, University of Rajshahi Reading Room 20/07/1985 Asia foundation 0.00   630.681 BAF 1979 16/02/2014 C-1 Books